|
|
|
|
| LEADER |
00000nam0a2200000 4500 |
| 001 |
20739 |
| 005 |
20231030192221.0 |
| 010 |
|
|
|a 5719000089
|
| 035 |
|
|
|a (RuTPU)RU\TPU\book\20929
|
| 035 |
|
|
|a BOOK00021000
|
| 090 |
|
|
|a 20739
|
| 100 |
|
|
|a 20011209d1993 m y0rusy50 ca
|
| 101 |
0 |
|
|a rus
|
| 102 |
|
|
|a RU
|
| 105 |
|
|
|a a z 000zy
|
| 200 |
1 |
|
|a Разговор в письмах
|f В. Л. Леви
|
| 210 |
|
|
|a СПб.
|c Питер
|d 1993
|
| 215 |
|
|
|a 254 с.
|c ил.
|
| 225 |
1 |
|
|a Искусство быть
|
| 610 |
1 |
|
|a психология
|
| 610 |
1 |
|
|a психотерапия
|
| 610 |
1 |
|
|a психогигиена
|
| 610 |
1 |
|
|a личность
|
| 686 |
|
|
|a Ю952
|v LBC/SL-A
|2 rubbk
|
| 700 |
|
1 |
|a Леви
|b В. Л.
|g Владимир Львович
|
| 801 |
|
0 |
|a RU
|b 63413507
|c 20011209
|g PSBO
|
| 801 |
|
2 |
|a RU
|b 63413507
|c 20120903
|g PSBO
|
| 942 |
|
|
|c BK
|